Central Library OPAC University of Rajshahi

The triumph of science and reason, 1660-1685 / (Record no. 24959)

MARC details
000 -LEADER
fixed length control field 00924nam a2200277 a 4500
001 - CONTROL NUMBER
control field 24959
003 - CONTROL NUMBER IDENTIFIER
rucl marc code BD-RjUL
005 - DATE AND TIME OF LATEST TRANSACTION
control field 20211209050818.0
008 - FIXED-LENGTH DATA ELEMENTS--GENERAL INFORMATION
fixed length control field 140315s1953 nyuabcf b 001 0 eng
035 ## - SYSTEM CONTROL NUMBER
System control number (BD-RjUL)25028
040 ## - CATALOGING SOURCE
Original cataloging agency DLC
Transcribing agency DLC
Language of cataloging eng
Modifying agency BD-RjUL
041 ## - LANGUAGE CODE
Language code of text/sound track or separate title eng
082 00 - DEWEY DECIMAL CLASSIFICATION NUMBER
Classification number 940.22
Author mark and year NUT 1953
100 1# - MAIN ENTRY--PERSONAL NAME
Personal name Nussbaum, Frédéric Louis,
Dates associated with a name 1885-
9 (RLIN) 76775
245 14 - TITLE STATEMENT
Title The triumph of science and reason, 1660-1685 /
Statement of responsibility, etc. Frederick L. Nussbaum.
260 ## - PUBLICATION, DISTRIBUTION, ETC. (IMPRINT)
Place of publication, distribution, etc. New York ;
-- London :
Name of publisher, distributor, etc. Harper & Brothers,
Date of publication, distribution, etc. 1953.
300 ## - PHYSICAL DESCRIPTION
Pagination xiv, 304 p., [32] p. plates :
Illustrations ill., ports., map (on lining papers) ;
Size 22 cm.
490 ## - SERIES STATEMENT
Series statement Rise of modern Europe
504 ## - BIBLIOGRAPHY, ETC. NOTE
Bibliography, etc Bibliography : p. 261-290. Includes index.
650 #0 - SUBJECT ADDED ENTRY--TOPICAL TERM
Topical term or geographic name as entry element Seventeenth century.
9 (RLIN) 55005
651 #0 - SUBJECT ADDED ENTRY--GEOGRAPHIC NAME
Geographic name Europe
General subdivision History
Chronological subdivision 1648-1715.
9 (RLIN) 76776
830 #0 - SERIES ADDED ENTRY--UNIFORM TITLE
Uniform title Rise of modern Europe
942 ## - ADDED ENTRY ELEMENTS (KOHA)
Source of classification or shelving scheme Dewey Decimal Classification
Koha item type Books
Holdings
Lost status Source of classification or shelving scheme Damaged status Not for loan Collection code Permanent Location Current Location Shelving location Date acquired Source of acquisition Total Checkouts Full call number Date last seen Copy number Koha item type
  Dewey Decimal Classification     Non-fiction Central Library, University of Rajshahi Central Library, University of Rajshahi   22/08/1956 Asia Foundation, Gift.   940.22 NUT 1953 15/03/2014 C-2 Books